| 000 | 00380nam a2200157Ia 4500 | ||
|---|---|---|---|
| 008 | 230312s9999||||xx |||||||||||||| ||und|| | ||
| 020 | _a0-13-845173-7 | ||
| 082 |
_a519.5 _bNEW |
||
| 100 | _aNewbold, Paul | ||
| 245 | 0 | _aStatistics for Business and Economics | |
| 260 |
_bPrentice Hall _aNew Jersey _c187 |
||
| 300 | _a866 | ||
| 546 | _aEng. | ||
| 650 | _aEconomics | ||
| 942 | _cBK | ||
| 999 |
_c2140 _d2140 |
||